Arthabigyanat ganitik paddhati-1/ (Record no. 11060)

MARC details
000 -LEADER
fixed length control field 00573nam a22002177a 4500
005 - DATE AND TIME OF LATEST TRANSACTION
control field 20201009153755.0
008 - FIXED-LENGTH DATA ELEMENTS--GENERAL INFORMATION
fixed length control field 201009b ||||| |||| 00| 0 eng d
020 ## - INTERNATIONAL STANDARD BOOK NUMBER
International Standard Book Number 9788194242812
040 ## - CATALOGING SOURCE
Transcribing agency CLNC
041 ## - LANGUAGE CODE
Language code of sung or spoken text Assamese
082 ## - DEWEY DECIMAL CLASSIFICATION NUMBER
Classification number 330.015195
Item number SAI
100 ## - MAIN ENTRY--PERSONAL NAME
Personal name Saikia, Debajit
Relator term Author
245 ## - TITLE STATEMENT
Title Arthabigyanat ganitik paddhati-1/
Statement of responsibility, etc. by Debajit Saikia
250 ## - EDITION STATEMENT
Edition statement 2nd ed.
260 ## - PUBLICATION, DISTRIBUTION, ETC.
Place of publication, distribution, etc. Jorhat:
Name of publisher, distributor, etc. Unika prakashan,
Date of publication, distribution, etc. 2019
300 ## - PHYSICAL DESCRIPTION
Extent 322p.
650 ## - SUBJECT ADDED ENTRY--TOPICAL TERM
Topical term or geographic name entry element Economics
650 ## - SUBJECT ADDED ENTRY--TOPICAL TERM
Topical term or geographic name entry element Mathematical methods for economics
650 ## - SUBJECT ADDED ENTRY--TOPICAL TERM
Topical term or geographic name entry element Econometrics
942 ## - ADDED ENTRY ELEMENTS (KOHA)
Source of classification or shelving scheme Dewey Decimal Classification
Koha item type Books
Holdings
Withdrawn status Lost status Source of classification or shelving scheme Damaged status Not for loan Home library Current library Shelving location Date acquired Cost, normal purchase price Total Checkouts Full call number Barcode Date last seen Date last checked out Copy number Price effective from Koha item type
    Dewey Decimal Classification     Central Library, Naharkatiya College Central Library, Naharkatiya College General Stacks 09/10/2020 330.00 2 330.015195 SAI 28380 05/05/2026 17/03/2026 1 09/10/2020 Books
    Dewey Decimal Classification     Central Library, Naharkatiya College Central Library, Naharkatiya College General Stacks 09/10/2020 330.00   330.015195 SAI 28381 09/10/2020   2 09/10/2020 Books
    Dewey Decimal Classification     Central Library, Naharkatiya College Central Library, Naharkatiya College General Stacks 09/10/2020 330.00 5 330.015195 SAI 28382 20/02/2023 14/10/2022 3 09/10/2020 Books

Naharkatiya College © 2020. All rights reserved.

Powered By